Loading...
Devavruksham/
| Main Author: | |
|---|---|
| Format: | Printed Book |
| Published: |
Kottayam:
Current Books,
2002.
|
| Subjects: |
| LEADER | 00532nam a22001691a 4500 | ||
|---|---|---|---|
| 999 | |c 10327 |d 10327 | ||
| 020 | |a 9788124012017 | ||
| 082 | |a M 583.45 |b RAJ/D | ||
| 100 | |a Rajappan Nair G | ||
| 245 | |a Devavruksham/ |c by Rajappan Nair G | ||
| 260 | |a Kottayam: |b Current Books, |c 2002. | ||
| 300 | |a 102p. | ||
| 650 | |a Baniyan Tree | ||
| 650 | |a Botany | ||
| 650 | |a Science | ||
| 942 | |c BK | ||
| 952 | |0 0 |1 0 |4 0 |6 M_583_450000000000000_RAJ_D |7 0 |9 15068 |a SSUS |b SSUS |d 2015-01-08 |g 55.00 |l 3 |o M 583.45 RAJ/D |p 049304 |r 2019-03-15 |s 2019-02-13 |v 0.00 |w 2015-01-08 |y BK | ||